000 00696cam a2200253 4500500
005 20260405000247.0
041 _afre
042 _adc
100 1 0 _aNebot, Isadora
_eauthor
245 0 0 _aTest : quel stressé êtes-vous ?
260 _c2023.
500 _a60
690 _aBurn-out
690 _aConfiance en soi
690 _aEntreprise
690 _aEnvironnement de travail
690 _aSanté
690 _aSouffrance au travail
690 _aStress
690 _aTravail
690 _aVie de bureau
786 0 _nPhilonomist | - | 7 | 2023-06-21 | p. 22-26
856 4 1 _uhttps://shs.cairn.info/magazine-philonomist-2023-7-page-22?lang=fr&redirect-ssocas=7080
999 _c2035262
_d2035262